| 000 | 00645nam a22002417a 4500 | ||
|---|---|---|---|
| 001 | 8122 | ||
| 003 | BD-RjUL | ||
| 005 | 20211208234527.0 | ||
| 008 | 140116s1994 ii ||| |||| 001 0 eng d | ||
| 020 | _a8171412572 | ||
| 035 | _a(BD-RjUL)8167 | ||
| 040 |
_aBD-RjUL _beng _cBD-RjUL |
||
| 041 | _aeng | ||
| 082 | 0 | 0 |
_a370 _bNUP |
| 100 | 1 |
_aNunn,Percy _925321 |
|
| 245 |
_aPrinciples of Education / _cNunn, Percy |
||
| 250 | _aIndian Reprint ed. | ||
| 260 |
_aNew Delhi : _bDiscovery Publishing House, _c1930 [Reprinted 1994] |
||
| 300 |
_avi, 260 p.; _c19cm. |
||
| 504 | _aIncludes Index | ||
| 650 | 0 |
_a Education. _925322 |
|
| 942 |
_2ddc _cBK |
||
| 999 |
_c8122 _d8122 |
||